000 02338 a2200157 4500
003 OSt
005 20260206162649.0
008 260206b |||||||| |||| 00| 0 eng d
100 _aव्यास अ.
_9216670
245 _aसेवा शिदोरी
250 _a2nd ED.
260 _bभारतीय विचार साधना प्रकाशन
_c2012
_aपुणे
300 _a80pp.
520 _aसेवा शिदोरी' म्हणजे कार्यकर्त्यांमध्ये सेवाभाव, समर्पण आणि सामाजिक जागृती निर्माण करणाऱ्या कथा, गीते, वचने आणि सुभाषितांचा मराठी संग्रह. हे पुस्तक विशेषतः समाजकार्यात रस असणाऱ्यांसाठी प्रेरणादायी साहित्य प्रदान करते. सेवा शिदोरी पुस्तकाची वैशिष्ट्ये: प्रेरणादायी साहित्य: यामध्ये सेवाभावाला जागृत करणाऱ्या गोष्टी आणि विचार आहेत. कार्यकर्त्यांसाठी: सामाजिक कार्यकर्ते आणि सेवाभावी लोकांसाठी हा विचारांचा संग्रह आहे. सामुदायिक भान: समाज घडवण्यासाठी उपयुक्त असे विचार यामध्ये मांडलेले असतातस्वरूप: यामध्ये कथा, गीते, सेवा वचने आणि सुभाषितांचा समावेश आहे. हे पुस्तक कार्यकर्त्यांना सेवाभावाचे महत्त्व समजून घेऊन, त्याग आणि सेवेची भावना (उदा. विकिपीडिया यांच्या चरित्रात दिसते तशी) विकसित करण्यास मदत करते.
942 _cBK
_2ddc
999 _c370174
_d370174